000 00618nam a2200241 i 4500
001 C2-0082282
003 PPAK
005 20180727084907.0
008 970429s1993 enka|||| ||||| | eng d
040 _aPPAK
_beng
_cPPAK
_erda
082 0 4 _a797.21
_223
090 0 0 _a797.21
_bMcS
_dR
100 1 _aMcSweeney, Sean,
_eauthor
245 1 0 _aSwimming
264 1 _aLondon :
_bB.T. Batsford ,
_c1993.
300 _a64 pages :
_billustrations ;
_c28 cm
336 _2rdacontent
_atext
337 _2rdamedia
_aunmediated
338 _2rdacarrier
_avolume
650 1 0 _aSwimming
700 _eauthor
942 _ddc
_cB
999 _c15173
_d15173